All States You Can Visit In The Fallout Games - Statistics

General Stats
  • This quiz has been taken 140 times
  • The average score is 19 of 24
Answer Stats
Hint Answer % Correct
Fallout 1 California
100%
Fallout 2 California
100%
Fallout New Vegas California
100%
Fallout 1 Nevada
97%
Fallout 2 Nevada
97%
Fallout New Vegas Nevada
97%
Fallout 4 Massachusetts
88%
Fallout 4 Maine
87%
Fallout 3 Virginia
87%
Fallout 76 Virginia
87%
Fallout New Vegas Arizona
86%
Fallout 3 Washington D.C.
86%
Fallout 76 West Virginia
86%
Fallout 3 Pennsylvania
85%
Fallout 76 Pennsylvania
85%
Fallout 2 Oregon
84%
Fallout 3 Maryland
81%
Fallout New Vegas Utah
81%
Fallout 76 New Jersey
69%
Fallout 3 Alaska
66%
Fallout 76 Colorado
42%
Fallout 76 Illinois
41%
Fallout 76 Kansas
31%
Fallout 76 Missouri
31%
No matching quizzes found
Score Distribution
Percent of People with Each Score
Percentile by Number Answered
Your Score History
You have not taken this quiz